Statystyki dla Rozpoznaj europejskie kluby piłkarskie po mieście

Kliknij tutaj aby rozwiązać quiz!

Ogólne statystyki

  • Ten quiz został rozwiązany 749 razy
  • Średni wynik to 22 z 45

Statystyki odpowiedzi

MiastoKlub% Poprawnych
Wisła
99%
LondynArsenal
93%
KrakówCracovia
93%
Real
93%
Chelsea
92%
MadrytAtlético
88%
BerlinHertha
82%
Tottenham Hotspur
81%
Union
80%
Sparta
78%
LizbonaBenfica
77%
Sporting
77%
SofiaCSKA
74%
MoskwaCSKA
74%
WiedeńAustria
72%
West Ham United
67%
AtenyAEK Athens
66%
Slavia
65%
Slavia
65%
GenuaGenoa CFC
63%
Galatasaray
60%
Lokomotiv
59%
Spartak
58%
Sampdoria
54%
Dynamo
48%
Crystal Palace
45%
Beşiktaş
44%
Rapid
41%
Fenerbahçe
34%
Panathinaikos
31%
Getafe
28%
Sztokholm (sezon 2019)AIK Stockholm
25%
Levski
19%
StambułBaşakşehir
14%
EdynburgHeart of Midlothian
12%
PragaBohemians 1905
10%
Dukla
9%
Hibernian
8%
Leganés
6%
Atromitos
5%
Djurgårdens IF
4%
Hammarby
4%
Panionios
2%
Kasimpaşa
1%
Tsarske Selo
0%

Rozkład punktacji

Percentyl według liczby udzielonych odpowiedzi

Procent ludzi z każdym wynikiem

Twoja historia wyników

Nie rozwiązałeś tego quizu